00988nam a22003017a 4500003000500000005001700005008004100022010001000063011001000073035001000083040000900093082001600102100002500118245005200143260002900195300002000224490003900244590004100283590004100324590004200365650002600407830004600433901000700479942001000486949005500496999001700551952011800568CHAP20220329135823.0971013s1904 r 00010 d a42821 a43793 a47930 cCHAP a665.322bE800aEvill, Sabas.939005 aTratado de la elaboración del aceite de oliva aSevilla :b(s.e.),c1904 a110 p.b: ilus. aBiblioteca Agraria Solarianav; 20 aBATCH-UPDb10c20130110lUCH01h0013 aBATCH-UPDb10c20130110lUCH01h1657 aCONVERSIONb10c20130109lUCH01h132414aAceite de oliva.94420 aBiblioteca Agraria Solarianav; 20912223 aBK cLIBRO a665.322 E8bBCcBPPd-108760eBPPh71093i47930si c42821d42821 00102ddc4051708FRaBCbBCd2019-12-31fLIBROl0o665.322 E8p-108760r2019-12-31 00:00:00w2019-12-31yLIBRO